000 00508 a2200145 4500
020 _a0-07-035346-8
082 _a530.44
090 _c1792
_d1792
100 _aKrall, Nicholson A.
245 _aPrinciples of Plasma Physics
_cNicholson A. Krall and Alvin W. Trivelpiece
260 _aUSA
_bMcGraw-Hill Book Company
_c1973
300 _axiii, 674
942 _aSNS
_cBK
_k530.44 KRA
999 _c30398
_d30398